| 000 | 00392nam a2200133Ia 4500 | ||
|---|---|---|---|
| 008 | 240719s9999 xx 000 0 und d | ||
| 041 | _aeng | ||
| 082 | _a823 DES | ||
| 100 | _aDeshmukh Sushma | ||
| 245 | _aHats Of You Inspiring Stories Of Common People With An Uncommon Side | ||
| 260 |
_aNAGPUR _bSAROJINI PUBLICATION _c2018 |
||
| 300 | _a223;. P. 22 Cm | ||
| 520 | _aGifted By : IMT Faculty | ||
| 999 |
_c41382 _d41382 |
||